Tájékozott beleegyezés és tájékozott visszautasítás Onkológiai kezelésekkel kapcsolatos betegdöntések /

Elmentve itt :
Bibliográfiai részletek
Szerző: Weiczner Roland
Dokumentumtípus: Cikk
Megjelent: 2023
Sorozat:MEDICAL TRIBUNE 21 No. 9
Tárgyszavak:
mtmt:34214690
Online Access:http://publicatio.bibl.u-szeged.hu/32196
LEADER 00913nab a2200217 i 4500
001 publ32196
005 20240530135938.0
008 240530s2023 hu o 000 hun d
022 |a 1589-1283 
024 7 |a 34214690  |2 mtmt 
040 |a SZTE Publicatio Repozitórium  |b hun 
041 |a hun 
100 1 |a Weiczner Roland 
245 1 0 |a Tájékozott beleegyezés és tájékozott visszautasítás   |h [elektronikus dokumentum] :  |b Onkológiai kezelésekkel kapcsolatos betegdöntések /  |c  Weiczner Roland 
260 |c 2023 
300 |a 18-18 
490 0 |a MEDICAL TRIBUNE  |v 21 No. 9 
650 4 |a Általános orvostudomány 
856 4 0 |u http://publicatio.bibl.u-szeged.hu/32196/1/MT_2023_09_Weiczner.pdf  |z Dokumentum-elérés  
856 4 0 |u http://publicatio.bibl.u-szeged.hu/32196/3/34214690_c%C3%ADmlap.pdf  |z Dokumentum-elérés  
856 4 0 |u http://publicatio.bibl.u-szeged.hu/32196/4/34214690_tartalom.pdf  |z Dokumentum-elérés